000 01099nam a22003017a 4500
999 _c5952
_d5952
003 OSt
005 20251204112019.0
008 251204b ||||| |||| 00| 0 eng d
020 _a9780060822279
040 _aDLC
_cDLC
_dDLC
_dKH8
082 _a813.6 GUT
100 1 _aGutman, Dan.
_eAuthor
245 1 0 _aMr. Docker is off his rocker!
_cDan Gutman ; pictures by Jim Paillot.
246 3 _aMister Docker is off his rocker
250 _a1st Harper Trophy ed.
260 _aNew York
_bHarperCollinsPublishers
_c©2006
300 _a100 pages
_bb illustration
_c13 cm x 20 cm
490 1 _aMy weird school ;
_v#10
520 _aMr. Docker, a new science teacher, is a crazy inventor who blows things up, uses potatoes for power, and has A.J. and his friends wondering whether science is for nerds or is the coolest subject ever.
650 1 _aTeachers
_vFiction.
650 1 _aScience
_vFiction
650 1 _aSchools
_vFiction.
650 1 _aHumorous stories.
655 7 _aFiction.
700 1 _aPaillot, Jim,
_eillustrator
800 1 _aGutman, Dan.
_tMy weird school
942 _2ddc
_cFIC